|
|
|
|
| LEADER |
01251nam a2200349 a 4500 |
| 001 |
000546698 |
| 003 |
CZ BrMZK |
| 005 |
20090205133949.0 |
| 007 |
ta |
| 008 |
000115s2000 xr cze d |
| 015 |
|
|
|a cnb000985067
|
| 020 |
|
|
|a 80-7294-010-4
|
| 035 |
|
|
|a (OCoLC)47665469
|
| 040 |
|
|
|a BOA001
|b cze
|
| 072 |
|
7 |
|a 821.162.3
|x Česká literatura
|2 Konspekt
|9 25
|
| 080 |
|
|
|a 821.162.3
|2 MRF
|
| 080 |
|
|
|a 177.6
|2 MRF
|
| 080 |
|
|
|a 82:7.04
|2 MRF
|
| 080 |
|
|
|a (082.21)
|2 MRF
|
| 100 |
1 |
|
|a Suchomel, Milan,
|d 1928-
|7 jk01121717
|
| 245 |
1 |
0 |
|a Příběhy lásky v české literatuře od počátků k dnešku /
|c [vybral a uspořádal Milan Suchomel]
|
| 250 |
|
|
|a Vyd. v tomto souboru 1.
|
| 260 |
|
|
|a Brno :
|b Host,
|c 2000
|
| 300 |
|
|
|a 298 s. ;
|c 20 cm
|
| 650 |
0 |
7 |
|a česká literatura
|7 ph116858
|y 14.-20. stol.
|2 czenas
|
| 650 |
0 |
7 |
|a láska
|7 ph117230
|2 czenas
|
| 650 |
0 |
7 |
|a literární náměty
|7 ph138213
|2 czenas
|
| 655 |
|
7 |
|a antologie
|7 fd131819
|2 czenas
|
| 856 |
4 |
1 |
|u https://www.digitalniknihovna.cz/mzk/uuid/uuid:61353b90-f92d-11e3-812a-005056827e52
|y Digitalizovaný dokument
|x NDK
|
| 910 |
|
|
|a BOA001
|b 1-1081.054
|
| 990 |
|
|
|a BK
|
| 996 |
6 |
|
|b 2610127619
|c 1-1081.054
|l MZK
|r Sklad / do 1 hodiny
|n 15
|p p.v.
|w 000546698
|u 000010
|a 1
|e BOA001
|j MZK50
|s P
|